000 00513pab a2200181 454500
008 180718b2013 xxu||||| |||| 00| 0 eng d
100 _aMorris, Alan
245 _aThe trajectory towards marginality: How do older Australians find themselves dependent on the private rental market?
260 _c2013
300 _ap.47-59.
362 _aJan
650 _aHousing - Australia
650 _aOld age - Australia
650 _aHistory
773 _aSocial Policy and Society
908 _aN
909 _a98889
999 _c98888
_d98888